Rasgos tradicionales y modernos del discurso en "Manglar"

Gespeichert in:
Bibliographische Detailangaben
1. Verfasser: Araya Solano de Durán, Seidy
Format: Buch
Sprache:Undetermined
Veröffentlicht: San José, Costa Rica Escuela de Filología, Lingüística y Literatura, Universidad de Costa Rica 1976
Schlagworte:
Tags: Tag hinzufügen
Keine Tags, Fügen Sie den ersten Tag hinzu!

MARC

LEADER 00000nam a2200000Ia 4500
008 170316s9999 xx 000 0 und d
040 |a cru BVZT 
090 |a Tesis 86 
100 |a Araya Solano de Durán, Seidy 
245 |a Rasgos tradicionales y modernos del discurso en "Manglar" 
260 |a San José, Costa Rica 
260 |b Escuela de Filología, Lingüística y Literatura, Universidad de Costa Rica 
260 |c 1976 
300 |a 49 páginas 
650 |a LICENCIATURA EN FILOLOGÍA ESPAÑOLA 
650 |a TRABAJO FINAL DE GRADUACIÓN 
999 |c 14524  |d 14524 
942 |c TFG  |h Tesis 86  |2 z